Microbiology

Salvato in:
Dettagli Bibliografici
Autori principali: Pelczar, Michael Joseph (Autore), Reid, Roger Delbert (Autore)
Natura: Libro
Lingua:inglese
Pubblicazione: Nueva York McGraw-Hill 1958
Soggetti:
Tags: Aggiungi Tag
Nessun Tag, puoi essere il primo ad aggiungerne!!

MARC

LEADER 00000nam a2200000 a 4500
001 UCX9775
003 CL-VaPUC
008 940627e19580000US |||||||||||||||||eng|d
082 0 4 |a 576  |b PEL  |2 21 
100 0 |a Pelczar, Michael Joseph  |e author  |9 327251 
700 0 |a Reid, Roger Delbert  |e author  |9 327252 
245 1 0 |a Microbiology 
300 |a 564 p 
942 |c BK 
945 |d 19940627 00:00:00  |a mfernand 
260 |a Nueva York  |b McGraw-Hill  |c 1958 
650 0 |a Microbiología   |9 259706 
583 |a last modification  |c 19940627 00:00:00  |k Rodrigo Vera 
999 |c 228928  |d 228926 
952 |0 0  |1 0  |4 0  |6 576_000000000000000_PEL_1958  |7 0  |8 A  |9 229431  |a BIBALI  |b BIBALI  |c GEN  |d 2019-11-15  |i 2990164  |o 576 PEL 1958  |p 2990164  |r 2025-01-20  |w 2019-11-15  |y BK  |k ALI 
952 |0 0  |1 0  |4 0  |6 576_000000000000000_PEL_1958  |7 0  |8 A  |9 229432  |a BIBALI  |b BIBALI  |c GEN  |d 2019-11-15  |i 2990326  |o 576 PEL 1958  |p 2990326  |r 2025-01-20  |w 2019-11-15  |y BK  |k ALI